Creatures of the Deep Sea - Statistics

General Stats
  • This quiz has been taken 40 times
  • The average score is 4 of 16
Answer Stats
Picture Answer % Correct
Dumbo Octopus
76%
Giant Isopod
48%
Viperfish
48%
Gulper Eel
45%
Comb Jelly
38%
Sea Angel
34%
Fangtooth fish
28%
Siphonophore
24%
Cookiecutter shark
21%
Hachetfish
21%
Copepod
17%
Hairy Angler
14%
Gigantocypris
10%
Hadal Snailfish
7%
Bloody-belly comb jelly
3%
Phromina
0%
No matching quizzes found
Score Distribution
Percent of People with Each Score
Percentile by Number Answered
Your Score History
You have not taken this quiz